Die Top 100 Liverpool Rekordspieler - Statistiken

Allgemein
  • Dieses Quiz wurde 164 mal gespielt
  • Das Durchschnittsergebnis liegt bei 19 aus 100
Antwortstatistiken
Nr. Land : Spieler % Korrekt
37 Ägypten : Salah
95%
54 Senegal : Mane
84%
60 Niederlande : Van Dijk
81%
3 England : Gerrard
78%
58 Brasilien : Alisson
76%
49 Schottland : Robertson
74%
30 Brasilien : Firmino
72%
44 Engalnd : Alexander-Arnold
69%
13 England : Henderson
69%
83 Kamerun : Matip
54%
55 England : Milne
50%
4 Wales : Rush
47%
45 England : Owen
46%
2 England : Carragher
43%
70 Brasilien : Fabinho
42%
12 Schottland : Dalglish
41%
76 Spanien : Xabi Alonso
41%
91 Polen : Dudek
40%
66 Niederlande : Wijnaldum
38%
84 Brasilien : Coutinho
37%
38 England : Milner
35%
50 Deutschland : Hamann
33%
77 England : Gomez
31%
40 Slowakei : Skrtel
31%
21 Schottland : St. John
31%
92 Kroatien : Lovren
30%
28 England : Fowler
28%
97 Belgien : Origi
28%
33 Norwegen : Riise
28%
48 Niederlande : Kuyt
26%
67 Dänemark : Agger
23%
95 England : Lallana
23%
24 Spanien : Reina
23%
82 Belgien : Mignolet
22%
78 | 86 England : Johnson
21%
16 Finnland : Hyypiä
20%
22 England : Barnes
17%
62 | 96 England : Jones
17%
35 Brasilien/Italien : Leiva
16%
94 Tschechien : Smicer
16%
41 England : Keegan
15%
75 England : Wright
13%
8 England : Smith
12%
52 England : James
10%
29 England : McManaman
10%
100 Irland : Babb
7%
1 England : Callaghan
7%
71 Irland : Finnan
7%
10 Schottland : Hansen
7%
19 England : Hunt
7%
5 England : Clemence
6%
81 Schweiz/Deutschland : Henchoz
6%
68 England : Heskey
6%
51 Dänemark : Mölby
5%
98 England : Beardsley
4%
87 Tschechien : Berger
4%
9 Simbabwe : Grobbelaar
4%
17 Irland : Heighway
4%
6 | 72 England : Hughes
4%
27 | 31 England : Kennedy
4%
69 Wales : Lambert
4%
7 England : Neal
4%
32 Schottland : Souness
4%
63 Wales : Toshack
4%
14 Irland : Whelan
4%
61 England : Murphy
3%
43 England : Redknapp
3%
15 | 23 England : Thompson
3%
85 Irland : Houghton
2%
93 Norwegen : Björnebye
1%
56 England : Case
1%
99 Schottland : Cormack
1%
79 Schottland : Gillespie
1%
73 Schottland : Hall
1%
57 Australien : Johnston
1%
47 England : Lee
1%
25 Schottland : Liddell
1%
39 England : McDermott
1%
53 England : McMahon
1%
36 England : Moran
1%
42 England : ACourt
0%
89 England : Burrows
0%
46 England : Byrne
0%
11 England : Lawer
0%
26 Schottland : Lawrence
0%
34 Irland/England : Lawrenson
0%
65 England : Lindsay
0%
74 England : Lloyd
0%
59 England : Meila
0%
90 England : Molyneux
0%
18 Schottland : Nicol
0%
80 England : Payne
0%
64 Schottland : Stevenson
0%
88 England : Strong
0%
20 Schottland : Yeats
0%
Keine übereinstimmenden Quizze gefunden
Verteilung der Resultate
Anzahl Personen mit jedem Resultat
Perzentil nach korrekt beantworteten Fragen
Ihre Resultats-Entwicklung
Sie haben dieses Quiz noch nicht gespielt